000 00854nam a2200253Ia 4500
003 OSt
005 20220923211152.0
006 a|||||r|||| 00| 0
007 ta
008 Pun
020 _a81876542139 (hbk)
_c1200
024 _a260,119
037 _b533, 02/12/2011, H.K. Prakashan
_cTextual
040 _aARTS
_cARTS
_bPun
041 _2Pun
_aPun
082 _aO153,1x, Q1
100 _aਅਮਰਜੀਤ ਸਿੰਘ, ਅਮਰ, ਥਦ.
_9159073
245 0 _aਕਵਿਤਾ ਦੀ ਕਿਣਮਿਣ
260 _aਦਿੱਲੀ
_b ਮਨਪ੍ਰੀਤ ਪ੍ਰਕਾFਨ
_c2011
300 _a136ਪੰ
_ccm.
650 _aਭੱਜ਼ਾਂਸ਼. ਸਾਂFੲਛ
_9159074
942 _hO153,1x, Q1
_cTEXL
_2CC
999 _c296281
_d296281